Southville International School and Colleges
Your cart is empty.
  • Cart
  • Lists
    Public lists Eva Luna New books Lux_list list_1
    Your lists Log in to create your own lists
  • Log in to your account
  • Your cookies
  • Search history
Southville International School and Colleges
  • Advanced search
  • Recent comments
  • Most popular
  • Libraries

Log in to your account

Log in with GOOGLE


If you do not have an external account, but do have a local account, you can still log in:

  1. Home
  2. MARC view: Spanish grammar in review /
Normal view MARC view ISBD view

Spanish grammar in review / (Record no. 288642)

[ view plain ]
MARC details
000 -LEADER
fixed length control field 01078cam a2200301 a 4500
001 - CONTROL NUMBER
control field 1603118
003 - CONTROL NUMBER IDENTIFIER
control field PILC
005 - DATE AND TIME OF LATEST TRANSACTION
control field 20150908082057.0
008 - FIXED-LENGTH DATA ELEMENTS--GENERAL INFORMATION
fixed length control field 940329s1994 ilu 001 0 eng
010 ## - LIBRARY OF CONGRESS CONTROL NUMBER
LC control number 94137654
020 ## - INTERNATIONAL STANDARD BOOK NUMBER
International Standard Book Number 0844276707 :
Terms of availability $16.95
040 ## - CATALOGING SOURCE
Original cataloging agency DLC
Transcribing agency DLC
Modifying agency DLC
041 0# - LANGUAGE CODE
Language code of text/sound track or separate title engspa
050 00 - LIBRARY OF CONGRESS CALL NUMBER
Classification number PC 4112
Item number .C489 1994
082 00 - DEWEY DECIMAL CLASSIFICATION NUMBER
Classification number 468.2/421
100 1# - MAIN ENTRY--PERSONAL NAME
Personal name Chastain, Kenneth.
245 10 - TITLE STATEMENT
Title Spanish grammar in review /
Statement of responsibility, etc Kenneth Chastain.
260 ## - PUBLICATION, DISTRIBUTION, ETC. (IMPRINT)
Place of publication, distribution, etc Lincolnwood, Ill., USA :
Name of publisher, distributor, etc National Textbook Co.,
Date of publication, distribution, etc 1994.
300 ## - PHYSICAL DESCRIPTION
Extent x, 398 pages ;
Dimensions 28 cm.
500 ## - GENERAL NOTE
General note "Second edition"--P. x.
500 ## - GENERAL NOTE
General note Includes index.
650 #0 - SUBJECT ADDED ENTRY--TOPICAL TERM
Topical term or geographic name as entry element Spanish language
General subdivision Grammar.
856 42 - ELECTRONIC LOCATION AND ACCESS
Materials specified Publisher description
Uniform Resource Identifier <a href="http://www.loc.gov/catdir/description/mh022/94137654.html">http://www.loc.gov/catdir/description/mh022/94137654.html</a>
856 42 - ELECTRONIC LOCATION AND ACCESS
Materials specified Contributor biographical information
Uniform Resource Identifier <a href="http://www.loc.gov/catdir/enhancements/fy0602/94137654-b.html">http://www.loc.gov/catdir/enhancements/fy0602/94137654-b.html</a>
906 ## - LOCAL DATA ELEMENT F, LDF (RLIN)
a 7
b cbc
c orignew
d 2
e ncip
f 19
g y-gencatlg
942 ## - ADDED ENTRY ELEMENTS (KOHA)
Source of classification or shelving scheme Library of Congress Classification
Koha item type Books
Call number prefix Foreign
Holdings
Withdrawn status Lost status Source of classification or shelving scheme Damaged status Home library Current library Shelving location Date acquired Source of acquisition Sub Shelving location Total Checkouts Full call number Barcode Date last seen Price effective from Koha item type
    Library of Congress Classification   College Library College Library General Circulation Section 09/08/2015 Donation     PC 4112 .C489 1994 C19967 05/15/2018 09/08/2015 Books

Spanish grammar in review /

APA

Chastain K., . (1994). Spanish grammar in review. Lincolnwood, Ill., USA: National Textbook Co.

Chicago

Chastain Kenneth, . 1994. Spanish grammar in review. Lincolnwood, Ill., USA: National Textbook Co.

Harvard

Chastain K., . (1994). Spanish grammar in review. Lincolnwood, Ill., USA: National Textbook Co.

MLA

Chastain Kenneth, . Spanish grammar in review. Lincolnwood, Ill., USA: National Textbook Co. 1994.

  • Place hold
  • Print
  • Cite
  • Add to your cart (remove)
  • Save record
    BIBTEX Dublin Core MARCXML MARC (non-Unicode/MARC-8) MARC (Unicode/UTF-8) MARC (Unicode/UTF-8, Standard) MODS (XML) RIS
  • More searches
    Search for this title in:
    Other Libraries (WorldCat) Other Databases (Google Scholar) Online Stores (Bookfinder.com) Open Library (openlibrary.org)

Exporting to Dublin Core...

SOUTHVILLE LIBRARY

Southville International School and Colleges Library

1281 Tropical Ave. Cor. Luxembourg St., BF Homes International, Las Pinas City

Tel. No. 8256374 / 252358 Loc. 117/146

Powered by Koha